| 000 | 003800000a22001570004500 | ||
|---|---|---|---|
| 003 | LK-CoMWRAF | ||
| 008 | 230817t ||||| |||| 00| 0 eng d | ||
| 040 |
_aLK-CoMWRAF _dLK-CoMWRAF _eLK-CoMWRAF |
||
| 041 | _aeng | ||
| 082 |
_a150 _bABD |
||
| 100 | _aAbdalati, Hammudah | ||
| 245 |
_aIslam in Focus _b |
||
| 260 |
_bAmerican Trust Pub: _aU.S.A. _c |
||
| 300 | _ap.210 | ||
| 942 | _cBK | ||
| 999 |
_c1445 _d1445 |
||